000 02084cam a22002655a 4500
001 18046694
005 20151104120006.0
008 140225s2014 enka frb 001 0 eng d
020 _a9780415702522 (paperback)
040 _aDLC
_beng
_cDLC
_dDLC
_dEG-ScBUE
082 0 4 _a720.76
_222
_bHAB
100 1 _aHabraken, N. J.
_938674
245 1 0 _aConversations with form :
_ba workbook for students of architecture /
_cN. John Habraken, Andres Mignucci, Jonathan Teicher.
260 _aOxon ;
_aNew York :
_bRoutledge / Taylor & Francis Group,
_c2014.
300 _avii, 247 p :
_bill. ;
_c23 cm.
500 _aIndex : p. 243-247.
504 _aIncludes bibliographical references.
520 _a"Through a progressive series of exercises - accompanied by observational studies, examples and applied theory - Conversations with Form: A Workbook for Students of Architecture improves designers' understanding, dexterity and resilience in making form. It specifically focuses on the skills needed to succeed in the everyday context in which the vast majority of architects will ultimately design and build, wherein no one designs in isolation and existing conditions never represent a tabula rasa. The text begins by familiarizing readers with utilizing step-by-step sequences of moves to steer the development of built form and rapidly moves to designs of increasing complexity. These design plays treat a wide-ranging series of topics including structures, patterns, types, systems and other kinds of shared form principles. Conversations with Form is a workbook for honing hands-on skills and tools of the architect's trade. Beautifully illustrated and focused on practical, usable information, the book provides architectural students with an accessible and useable handbook for their design practice"--
650 7 _aArchitectural design
_vProblems, exercises, etc.
_2BUEsh
_937747
650 0 _aArchitecture
_xComposition, proportion, etc.
_2BUEsh
653 _bENGARC
_cJune2015
_cNovember2015
700 1 _aMignucci Giannoni, Andres,
700 1 _aTeicher, Jonathan,
942 _2ddc
999 _c19712
_d19684